| 000 | 00537 a2200181 4500 | ||
|---|---|---|---|
| 999 |
_c330604 _d330604 |
||
| 003 | Nust | ||
| 005 | 20170725121239.0 | ||
| 008 | 170725b xxu||||| |||| 00| 0 eng d | ||
| 040 | _cNust | ||
| 082 |
_a891.4391 _bNAQ |
||
| 100 |
_aNaqvi, Mohsin _91414 |
||
| 245 |
_aMoj -e- idrak _cMohsin Naqvi |
||
| 260 |
_aLahore: _bMavra Publisher, _c2008 |
||
| 300 | _a160 p | ||
| 500 | _aPoetry | ||
| 546 | _aIn Urdu | ||
| 650 |
_aUrdu Poetry _9751 |
||
| 880 |
_6100-01\(3\r _aمحسن نقوی |
||
| 880 |
_6245-02\(3\r _aموج ادراک _cمحسن نقوی |
||
| 880 |
_6260-03\(3\r _aلاہور: _bماورا، _c2008 |
||
| 942 |
_2ddc _cBK |
||